000 00299nam a22001337a 4500
008 170601b xxu||||| |||| 00| 0 eng d
020 _a0684135213
041 _aeng
080 _a93
100 _a17
101 _aSHH
245 _aA CONCISE HISTORY OF THE THEATRE
_cHARTNOLL, P
942 _2udc
_cBK
999 _c15185
_d15185